000 00429nam a2200157Ia 4500
008 210716s2009 xx 000 0 und d
020 _a9780070140691
041 _aeng
082 _a004.602 VASV
100 _aVaswani, Vikram.
245 _aPhp: a beginners guide.
_bBeginners guide.
250 _a1
260 _aNew Delhi
_bTata McGraw Hill Publishing Company Ltd
_c2009
300 _axiv,453,9
650 _aPHP Programming
999 _c189237
_d189237